Strength Of Materials (Record no. 1)

MARC details
000 -LEADER
fixed length control field 00330nam a22001577a 4500
005 - DATE AND TIME OF LATEST TRANSACTION
control field 20150930161840.0
008 - FIXED-LENGTH DATA ELEMENTS--GENERAL INFORMATION
fixed length control field 150930b xxu||||| |||| 00| 0 eng d
020 ## - INTERNATIONAL STANDARD BOOK NUMBER
ISBN 978813180814
041 ## - LANGUAGE CODE
Language code of text/sound track or separate title eng
082 ## - DEWEY DECIMAL CLASSIFICATION NUMBER
Classification number 621
Item number 1
100 ## - MAIN ENTRY--AUTHOR NAME
Personal name Bansal R K
245 ## - TITLE STATEMENT
Title Strength Of Materials
250 ## - EDITION STATEMENT
Edition statement 5
260 ## - PUBLICATION, DISTRIBUTION, ETC. (IMPRINT)
Name of publisher Laxhmi
942 ## - ADDED ENTRY ELEMENTS (KOHA)
Koha item type Books
Holdings
Lost status Damaged status Home library Date acquired Full call number Accession Number Koha item type
    JRU Library 30/09/2015 621 1 50000 Books